书目信息 |
| 题名: |
王朝风云之辽夏金
|
|
| 作者: | 李楠 编著 | |
| 分册: | ||
| 出版信息: | 北京 中国文史出版社 2021 |
|
| 页数: | 340页 | |
| 开本: | 24cm | |
| 丛书名: | 王朝风云 | |
| 单 册: | ||
| 中图分类: | K246.09 | |
| 科图分类: | ||
| 主题词: | 中国历史--zhong guo li shi--西夏--通俗读物 | |
| 电子资源: | ||
| ISBN: | 978-7-5205-2270-0 | |
| 000 | 01131oam2 2200253 450 | |
| 001 | 2151125855 | |
| 005 | 20211018173724.0 | |
| 010 | @a978-7-5205-2270-0@dCNY66.00 | |
| 100 | @a20210304d2021 em y0chiy0120 ea | |
| 101 | 0 | @achi |
| 102 | @aCN@b110000 | |
| 105 | @ay z 000yy | |
| 106 | @ar | |
| 200 | 1 | @a王朝风云之辽夏金@Awang chao feng yun zhi liao xia jin@f李楠编著 |
| 210 | @a北京@c中国文史出版社@d2021 | |
| 215 | @a340页@d24cm | |
| 225 | 2 | @a王朝风云@Awang chao feng yun@v12 |
| 330 | @a本书讲述的是辽朝 ( 916 — 1125 ) 、西夏 ( 1038 — 1227 ) 以及金朝 ( 1115 — 1234 ) 共319年间的中国历史。 辽是由契丹族建立的国家, 对内蒙古和东北的开发起了推动作用, 最终被宋、金联合所灭 ; 西夏是由党项人在中国西北部建立的朝代, 后被成吉思汗消灭 ; 金朝是女真族建立的, 先后灭辽和北宋, 与南宋长期对峙, 后被蒙古联合南宋所灭。 宋、辽、夏、金时期, 各方势力你争我夺, 此消彼长, 上演一幕幕成王败寇的历史活剧。 | |
| 461 | 0 | @12001 @a王朝风云@v12 |
| 606 | 0 | @a中国历史@Azhong guo li shi@z西夏@j通俗读物 |
| 690 | @aK246.09@v5 | |
| 701 | 0 | @a李楠@Ali nan@4编著 |
| 801 | 0 | @aCN@b百万庄@c20211018 |
| 905 | @b1310520-23@dK246.09@e33@f4 | |
| 王朝风云之辽夏金/李楠编著.-北京:中国文史出版社,2021 |
| 340页;24cm.-(王朝风云;12) |
| ISBN 978-7-5205-2270-0:CNY66.00 |
| 本书讲述的是辽朝 ( 916 — 1125 ) 、西夏 ( 1038 — 1227 ) 以及金朝 ( 1115 — 1234 ) 共319年间的中国历史。 辽是由契丹族建立的国家, 对内蒙古和东北的开发起了推动作用, 最终被宋、金联合所灭 ; 西夏是由党项人在中国西北部建立的朝代, 后被成吉思汗消灭 ; 金朝是女真族建立的, 先后灭辽和北宋, 与南宋长期对峙, 后被蒙古联合南宋所灭。 宋、辽、夏、金时期, 各方势力你争我夺, 此消彼长, 上演一幕幕成王败寇的历史活剧。 |
| ● |
| 相关链接 |
|
|
|
|
正题名:王朝风云之辽夏金
索取号:K246.09/33
 
预约/预借
| 序号 | 登录号 | 条形码 | 馆藏地/架位号 | 状态 | 备注 |
| 1 | 1310520 | 213105209 | 第二样本阅览室/ [索取号:K246.09/33] | 在馆 | |
| 2 | 1310521 | 213105218 | 第二借阅区/ [索取号:K246.09/33] | 在馆 | |
| 3 | 1310522 | 213105227 | 第二借阅区/ [索取号:K246.09/33] | 在馆 | |
| 4 | 1310523 | 213105236 | 第二借阅区/ [索取号:K246.09/33] | 在馆 |